000 00603nam a22001817a 4500
999 _c16047
_d16047
005 20260417092745.0
008 260417b ||||| |||| 00| 0 eng d
020 _a9780134184951
040 _aLoC CIP
_cMMU
_dobonyo
100 _aDeVito, Joseph A.
245 _aEssentials of Human Communication /
_cJoseph A. DeVito
250 _a9th edition
260 _aBoston :
_bPearson,
_c2017.
300 _axix, 363 pages :
_b illustrations, map ;
_c 28 cm
500 _aIncludes bibliographical references (pages 321-341) and index
650 _aCommunication
942 _2lcc
_cSH
_hP90
_kD48 2017
_m 2017